000 00718nam a2200229 i 4500
001 BINCO
003 CO-MdBIC
005 20240610154650.0
008 221012b2022 ck |||| |||| 00| 0 spa d
020 _a9789583398223
040 _aCO-MdBIC
_bspa.
_cCO-MdBIC
_dCO-MdBIC
082 _223
_a808.8
_bOB13
100 _aObregon S., Elkin
_d(1940-2021)
245 _aVariaciones sobre el ocio :
_bcuentos, semblanzas y un epílogo
_c/ Elkin Obregon S.
264 _aMedellín , Colombia :
_bConfiar Cooperativa Financiera,
_c[2022]
264 _c©2022
300 _a138 Páginas :
_c19 cm.
490 _aConfiar en la cultura
650 _xMicro historias
710 _aConfiar Cooperativa Financiera
942 _cLGB
999 _c68289
_d68289